000 00622nam a2200169 a 4500
001 000017073
005 20250924073801.0
008 100317s1985 dr d 000 0 spa d
040 _aDO-SdBNP
_bspa
_cBNPHU
082 _axxx
_bD238i
100 1 _aDauhajre, Miriam
_937663
245 1 0 _aInmunohematología :
_binstructivo práctico /
_cMiriam Dauhajre.
260 _aSanto Domingo :
_bEditora Universitaria,
_c1985.
300 _a102 p. :
_bdiagramas ;
_c28 cm.
490 1 _aPublicaciones de la Universidad Autónoma de Santo Domingo
_vv. 439
830 _aPublicaciones de la Universidad Autónoma de Santo Domingo
_vv. 439
_952
999 _c16599
_d16599